| 000 | 00778nam a2200301Ia 4500 | ||
|---|---|---|---|
| 003 | LK-CoDNM | ||
| 005 | 20240430114605.0 | ||
| 008 | 010623t xxu||||| |||| 00| 1 sin d | ||
| 040 |
_aLK-CoDNM _dLK-CoDNM _eLK-CoDNM |
||
| 041 | _asin | ||
| 080 | _aට31 | ||
| 100 | _aSaranankara thero,Ganegama | ||
| 245 | _aසිංහල රචනා රත්නය | ||
| 246 | _aSinhala Rachanaa Rathnaya | ||
| 260 |
_bAbhaya _aColombo |
||
| 300 | _b216p.,20 cm | ||
| 650 | _aAlagiyavanna Mukaveti | ||
| 650 | _aBlind Imitation | ||
| 650 | _aGurulu Gomi | ||
| 650 | _aRuvanweli Seya | ||
| 650 | _aSigiri | ||
| 650 | _aSinhalese Literature | ||
| 650 | _aSinhalese Novel | ||
| 650 | _aSri Rahula tharo | ||
| 650 | _aTextile | ||
| 650 | _aVeedagama thero | ||
| 942 | _cBK | ||
| 999 |
_c141952 _d141952 |
||